000 00533nam 22001813 4500
001 199151
090 _a199151
100 _a20251119d u||y0pory50 ba
200 _a25 de Abril
_edocumento
_fCoordenação dos jornalistas Afonso Praça...[et al.]
210 _aLisboa
_cCasa Viva Editora
_d1974
215 _a183 p.
_cbrochado
_d22 cm
606 _91246
_aPolítica
610 _a25 de Abril
675 _a32
_vPT
_zpor
702 _911885
_aPraça
_bAfonso
_f1939 - 2001
801 _aPT
_bBMMN
_gRPC
830 _cFernando
_fFernando
990 _cLIVROS